Znane miejsca w Toruniu - Statystyki

Ogólne statystyki
  • Ten quiz został rozwiązany 130 razy
  • Średni wynik to 3 z 10
Statystyki odpowiedzi
% Poprawnych
8 Bulwar
56%
3 Ratusz
54%
2 Pomnik Kopernika
45%
5 Rynek
40%
10 Dom Kopernika
26%
6 Katedra
17%
9 Teatr
13%
4 Plac Rapackiego
8%
1 Ulica Szeroka
6%
7 Fontanna cosmopolis
3%
Nie znaleziono quizów pasujących do podanych kryteriów
Rozkład punktacji
Procent ludzi z każdym wynikiem
Percentyl według liczby udzielonych odpowiedzi
Twoja historia wyników
Nie rozwiązałeś tego quizu